000 00983naa a2200277 4500
005 20090602111531.0
008 080820t xxu||||| |||| 00| 0 eng d
010 _aENG-93829
020 _a9788120336919
_c350.00
035 _aEN-77362
037 _bDBAD / PUB
040 _adpl
_bEnglish
082 _a628
100 _aMasters, Gilbert M.
245 _aIntroduction to environmental engineering and science /
_cby Gilbert M. Masters [and] Wendell P. Ela
250 _a3rd ed.
260 _aNew Delhi
_bPHI Learning
_c2008
270 _aM-97, Connaught Circus
_bNew Delhi
_cDelhi
_e110001
300 _axii, 708p.
_c25cm(pbk)
500 _aIncludes index
650 _aEnvironmental engineering.
650 _aEnvironmental protection.
700 _aEla, Wendell P.
942 _adpl
_cEN
_2ddc
_mMAS
_h628
999 _c27129
_d27129